<?xml version="1.0" encoding="UTF-8"?>
<record
    xmlns:xsi="http://www.w3.org/2001/XMLSchema-instance"
    xsi:schemaLocation="http://www.loc.gov/MARC21/slim http://www.loc.gov/standards/marcxml/schema/MARC21slim.xsd"
    xmlns="http://www.loc.gov/MARC21/slim">

  <leader>00898nam0a22002531  4500</leader>
  <controlfield tag="001">RU\NLR\A1SV\43787</controlfield>
  <controlfield tag="005">20251203171251.9</controlfield>
  <datafield tag="035" ind1=" " ind2=" ">
    <subfield code="a">(NLR Aleph) 009725973</subfield>
  </datafield>
  <datafield tag="090" ind1=" " ind2=" ">
    <subfield code="a">9890970</subfield>
    <subfield code="c">9890970</subfield>
  </datafield>
  <datafield tag="100" ind1=" " ind2=" ">
    <subfield code="a">20020819d1925    u  y0rusy50      ca</subfield>
  </datafield>
  <datafield tag="101" ind1="0" ind2=" ">
    <subfield code="a">rus</subfield>
  </datafield>
  <datafield tag="102" ind1=" " ind2=" ">
    <subfield code="a">RU</subfield>
  </datafield>
  <datafield tag="200" ind1="1" ind2=" ">
    <subfield code="a">&#x41E; &#x433;&#x440;&#x430;&#x43D;&#x438;&#x446;&#x435; &#x43C;&#x435;&#x436;&#x434;&#x443; &#x443;&#x433;&#x43E;&#x43B;&#x43E;&#x432;&#x43D;&#x43E;&#x439; &#x438; &#x434;&#x438;&#x441;&#x446;&#x438;&#x43F;&#x43B;&#x438;&#x43D;&#x430;&#x440;&#x43D;&#x43E;&#x439; &#x43D;&#x435;&#x43F;&#x440;&#x430;&#x432;&#x434;&#x43E;&#x439; &#x43F;&#x43E; &#x423;&#x433;&#x43E;&#x43B;. &#x43A;&#x43E;&#x434;. 1922 &#x433;.</subfield>
    <subfield code="f">&#x410;.&#x416;&#x438;&#x436;&#x438;&#x43B;&#x435;&#x43D;&#x43A;&#x43E;</subfield>
  </datafield>
  <datafield tag="210" ind1=" " ind2=" ">
    <subfield code="a">[&#x41C;.</subfield>
    <subfield code="d">1925]</subfield>
  </datafield>
  <datafield tag="215" ind1=" " ind2=" ">
    <subfield code="a">18 &#x441;.</subfield>
    <subfield code="d">26 &#x441;&#x43C;</subfield>
  </datafield>
  <datafield tag="311" ind1=" " ind2=" ">
    <subfield code="a">&#x41E;&#x442;&#x442;. &#x438;&#x437; &#x436;&#x443;&#x440;&#x43D;.: &#x41F;&#x440;&#x430;&#x432;&#x43E; &#x438; &#x436;&#x438;&#x437;&#x43D;&#x44C;. 1925. &#x2116; 1-3. &#x421;.50-58, 60-68</subfield>
  </datafield>
  <datafield tag="700" ind1=" " ind2="1">
    <subfield code="4">070</subfield>
    <subfield code="7">ca</subfield>
    <subfield code="8">rus</subfield>
    <subfield code="a">&#x416;&#x438;&#x436;&#x438;&#x43B;&#x435;&#x43D;&#x43A;&#x43E;</subfield>
    <subfield code="b">&#x410;. &#x410;.</subfield>
    <subfield code="f">1873-</subfield>
    <subfield code="g">&#x410;&#x43B;&#x435;&#x43A;&#x441;&#x430;&#x43D;&#x434;&#x440; &#x410;&#x43B;&#x435;&#x43A;&#x441;&#x430;&#x43D;&#x434;&#x440;&#x43E;&#x432;&#x438;&#x447;</subfield>
    <subfield code="9">208013</subfield>
    <subfield code="3">RU\NLR\AUTH\770208066</subfield>
  </datafield>
  <datafield tag="801" ind1=" " ind2="0">
    <subfield code="a">RU</subfield>
    <subfield code="b">NLR</subfield>
    <subfield code="c">20020819</subfield>
  </datafield>
  <datafield tag="852" ind1=" " ind2=" ">
    <subfield code="a">NLR</subfield>
    <subfield code="j">17.152.7.309</subfield>
  </datafield>
  <datafield tag="899" ind1=" " ind2=" ">
    <subfield code="a">&#x421;&#x41F;&#x431;&#x413;&#x423;</subfield>
  </datafield>
  <datafield tag="942" ind1=" " ind2=" ">
    <subfield code="c">BOOK</subfield>
  </datafield>
  <datafield tag="980" ind1=" " ind2=" ">
    <subfield code="a">NB</subfield>
  </datafield>
  <datafield tag="980" ind1=" " ind2=" ">
    <subfield code="a">A1SV</subfield>
  </datafield>
  <datafield tag="995" ind1=" " ind2=" ">
    <subfield code="5">2016-05-13</subfield>
    <subfield code="b">NLR02</subfield>
    <subfield code="c">NLR02</subfield>
    <subfield code="e">RFS</subfield>
    <subfield code="f">9725973-10</subfield>
    <subfield code="k">17.152.7.309</subfield>
    <subfield code="o">0</subfield>
    <subfield code="r">BOOK</subfield>
    <subfield code="s">171527309_</subfield>
  </datafield>
</record>
